[Event "Washington Open Championship"]
[Site "Seattle, WA"]
[Date "2013.05.26"]
[Round "3"]
[White "Lapid Shafriri Gil  (WA)"]
[Black "Haining Kyle  (WA)"]
[Result "1/2-1/2"]
[WhiteElo "2192"]
[BlackElo "1904"]
[Annotator ""]
[Source ""]
[Remark "Open"]

1.d4 g6 2.Nf3 Bg7 3.c3 Nf6 4.Bg5 d6 5.Nbd2 O-O 6.e4 c5 7.dxc5
dxc5 8.Bc4 Nfd7 9.O-O Nc6 10.Qc2 Qc7 11.Rfe1 Nde5 12.Nxe5
( 12.Be2 Bg4 13.h3 Bxf3 14.Nxf3 Nxf3+ 15.Bxf3 Be5 16.Rad1 Bf4
17.Bxf4 Qxf4 18.e5 Rad8 19.Rxd8 Rxd8 20.e6 fxe6 21.Qb3 Rd2 22.Qxb7
Nd8 23.Qxe7 Qd6 24.Qxa7 Nf7 25.Bg4 e5 26.Qb7 h5 27.Bf3 Ng5 28.Bc6
Ne6 29.Ba4 c4 30.Qc8+ Kg7 31.Qxc4 Nf4 32.Qe4 Nd3 33.Re2 Nc5 34.Rxd2
Qxd2 35.Qxe5+ Kh6 36.Qxc5 Qc1+ 37.Kh2 Qf4+ 38.g3 Qxa4 {1-0, Hebesberger Thomas (AUT) 2317 - Krauland Michael 1880, St. Veit (Austria) 1995}
) Nxe5 13.Bf1 c4 14.h3 Rd8 15.Re3 Qc5 16.b4 cxb3 17.axb3 $17 1/2-1/2

[Event "Washington Open Championship"]
[Site "Seattle, WA"]
[Date "2013.05.26"]
[Round "3"]
[White "Zhang Cheyenne  (WA)"]
[Black "Lomboy Gilbert  (WA)"]
[Result "0-1"]
[WhiteElo "1079"]
[BlackElo "1558"]
[Annotator ""]
[Source ""]
[Remark "Booster"]

1.c4 c5 2.Nc3 Nf6 3.g3 Nc6 4.Bg2 e5 5.e3 Be7 6.Nge2 a6 7.d4 cxd4
8.exd4 exd4 9.Nxd4 O-O 10.O-O h6 11.Re1 Bc5 12.Nf5 d6 13.Bxc6
bxc6 14.Ne7+ Kh8 15.Nxc6 Qb6 16.Qf3 Bb7 17.Re2 Bxc6 18.Qf5 Rfe8
19.Bxh6 Nh7 20.Rxe8+ Rxe8 21.Bd2 Qxb2 22.Rd1 Qxd2 23.h4 Qxc3
24.Qb1 Qxg3+ 25.Kf1 Qxf2# 0-1

[Event "Washington Open Championship"]
[Site "Seattle, WA"]
[Date "2013.05.26"]
[Round "3"]
[White "Sang Tian  (WA)"]
[Black "Vrana Rudy  (WA)"]
[Result "1-0"]
[WhiteElo "2314"]
[BlackElo "2151"]
[Annotator ""]
[Source ""]
[Remark "Open"]

1.e4 c5 2.Nf3 Nc6 3.Bb5 Nd4 4.Nxd4 cxd4 5.O-O e6 6.c3 Bc5 7.cxd4
Bxd4 8.Nc3 a6 9.Ba4 b5 10.Bb3 Bb7 11.d3 Ne7 12.Ne2 Bb6 13.Ng3
O-O 14.d4 Nc6 15.Be3 Rc8 16.Rc1 Na5 17.Rxc8 Qxc8 18.Qg4 Kh8 19.Rc1
Qa8 20.Bc2 Nc4 21.e5 Nxe3 22.fxe3 f5 23.exf6 Rxf6 24.Nh5 Rf7
25.Qh3 h6 {%02? The beginning of the end.} 26.Qg4 g5 27.Qg3 d6
28.Qxd6 Bxg2 29.Qxe6 Qf3 30.Qe8+ Rf8 31.Qe5+ 1-0

[Event "Washington Open Championship"]
[Site "Seattle, WA"]
[Date "2013.05.26"]
[Round "3"]
[White "Pupols Viktors  (WA)"]
[Black "Rosell John  (AZ)"]
[Result "1-0"]
[WhiteElo "2200"]
[BlackElo "2092"]
[Annotator ""]
[Source ""]
[Remark "Open"]

1.d4 g6 2.e4 Bg7 3.g3 c5 4.dxc5 Na6 5.Bg2 Nxc5 6.Ne2 d6 7.O-O
h5 8.Nbc3 h4 9.Be3 hxg3 10.hxg3 Bd7 11.Qd2 Rc8 12.Rab1 Nf6 13.f3
a6 14.Kf2 Bc6 15.Rh1 Rxh1 16.Rxh1 b5 17.e5 Ng8 18.exd6 Qxd6 19.Qxd6
exd6 20.Bd4 Nf6 21.Nd1 Ne6 22.Bc3 d5 23.Ke1 Kf8 24.Nd4 Bb7 25.Bb4+
Kg8 26.Nxe6 fxe6 27.c3 e5 28.Nf2 Kf7 29.Nd3 Nd7 30.Ke2 Re8 31.Ba5
e4 32.fxe4 dxe4 33.Rf1+ Kg8 34.Nf4 Ne5 35.Bh3 Nc4 36.Bc7 Bc8
37.Bxc8 Rxc8 38.Nd5 Bf8 39.b3 Nd6 40.Rxf8+ Rxf8 41.Bxd6 Rf3 42.Ne3
Kf7 43.c4 Ke6 44.Bc7 Rf7 45.Bf4 Rh7 46.g4 Rh4 47.c5 Rh1 48.Nd1
Rg1 49.Nf2 Ra1 50.Nxe4 Rxa2+ 51.Kd3 Ra1 52.c6 Rd1+ 53.Ke2 Rd4
54.Ke3 Rb4 55.Nc5+ 1-0

[Event "Washington Open Championship"]
[Site "Seattle, WA"]
[Date "2013.05.26"]
[Round "3"]
[White "He Daniel  (WA)"]
[Black "Collyer Curt  (WA)"]
[Result "1-0"]
[WhiteElo "2131"]
[BlackElo "2289"]
[Annotator ""]
[Source ""]
[Remark "Open"]

1.Nf3 c5 2.g3 Nc6 3.Bg2 g6 4.O-O Bg7 5.d3 e5 6.c4 Nge7 7.Nc3
d6 8.Ne1 Rb8 9.Rb1 a6 10.Nc2 Be6 11.Ne3 b5 12.Ncd5 O-O 13.Bd2
f5 ( 13...f5 14.Nxe7+ Nxe7 15.Nd5 Nxd5 16.Bxd5 Bxd5 17.cxd5 f4
18.a4 b4 19.Qb3 f3 20.Rbe1 Qd7 21.exf3 Rxf3 22.Be3 a5 23.Kg2
Rf7 24.Bd2 h5 25.h4 Kh7 26.Qd1 e4 27.Qb3 exd3 28.Re6 Re8 29.Bg5
Rxe6 30.dxe6 Qc6+ 31.Kg1 c4 32.Qd1 Rf8 33.g4 Qe4 34.e7 Re8 35.gxh5
c3 36.hxg6+ Qxg6 37.bxc3 bxc3 38.Qg4 Rxe7 39.f4 Bd4+ 40.Kh2 Re2+
41.Kg3 Qe4 42.Rf3 d2 43.Qd7+ Bg7 44.Qxd6 Re3 45.Rxe3 Qxe3+ 46.Kg4
Qe2+ 47.Kf5 d1Q {0-1, Tallarico Tallarico Ovido M (ESP) 2203 - Pogorelov Ruslan (UKR) 2439, Mondariz (Spain) 2003}
) 14.Qc1 Nd4 15.Nxe7+ Qxe7 16.Re1 bxc4 17.Nd5 Qf7 18.dxc4 e4
19.Bf4 Bxd5 20.cxd5 Qxd5 21.e3 Ne6 22.Bf1 Qc6 23.Bc4 d5 24.Bxb8
dxc4 25.Bf4 g5 26.Qxc4 gxf4 27.gxf4 Kh8 28.b4 Rg8 29.Kf1 Rb8
30.bxc5 Rc8 31.Rec1 h6 32.Rb6 Qxc5 33.Qxc5 Rxc5 34.Rxc5 Nxc5
35.Rc6 Bf8 36.Rf6 Kg7 37.Rxf5 a5 38.Ke2 a4 39.f3 exf3+ 40.Kxf3
a3 41.Rd5 Na4 42.Rd3 Nb2 43.Rb3 Nc4 44.Ke2 Kg6 45.e4 Kh5 46.Kd3
Nb2+ 47.Kd4 Kg4 48.f5 Be7 49.Ke5 Nc4+ 50.Ke6 Bf8 51.Rb8 Bd6 52.Rc8
Nb6 53.Rc6 Bxh2 54.Rxb6 Bg1 55.Ra6 1-0

[Event "Washington Open Championship"]
[Site "Seattle, WA"]
[Date "2013.05.26"]
[Round "3"]
[White "May Sarah  (WA)"]
[Black "Bragg David  (WA)"]
[Result "0-1"]
[WhiteElo "1904"]
[BlackElo "2212"]
[Annotator ""]
[Source ""]
[Remark "Open"]

1.e4 c6 2.d4 d5 3.e5 Bf5 4.h4 h5 5.Bd3 g6 6.Bxf5 gxf5 7.Nf3 e6
8.c3 c5 9.O-O Nc6 10.Qe2 a6 11.Bg5 Qb6 12.dxc5 Bxc5 13.b4 Be7
14.Nbd2 Bxg5 15.Nxg5 Nge7 16.g3 Ng6 17.Ndf3 Qb5 18.Rfe1 Qxe2
19.Rxe2 Ke7 20.a4 Rac8 21.Ree1 Rc7 22.a5 Nb8 23.Rac1 Rhc8 24.Re3
Rc4 25.b5 d4 26.Rd3 dxc3 27.bxa6 Nxa6 28.Re3 Nc5 29.Ne1
( 29.Rexc3 ) Nb3 30.Rb1 Nxa5 31.Nc2 R8c5 32.f4 b5 33.Ree1 Nc6
34.Nf3 Nf8 35.Na3 c2 36.Nxc4 cxb1Q 37.Rxb1 bxc4 38.Rc1 Nd7 39.Kf2
Nb4 40.Ke3 Nb6 41.Nd2 c3 42.Nb3 Rc4 43.Na5 N6d5+ 44.Kf3 Rc7 45.Nb3
c2 46.Na1 Nd3 0-1

[Event "Washington Open Championship"]
[Site "Seattle, WA"]
[Date "2013.05.26"]
[Round "3"]
[White "Arond Paul  (WA)"]
[Black "Roland Jeffrey  (ID)"]
[Result "0-1"]
[WhiteElo "1729"]
[BlackElo "1718"]
[Annotator ""]
[Source ""]
[Remark "Premier"]

1.d4 Nf6 2.Nf3 g6 3.Nc3 d5 4.Bf4 Bg7 5.e3 O-O 6.Be2 c5 7.Qd2
cxd4 8.exd4 a6 9.a4 ( 9.Rd1 Nc6 10.Ne5 Bd7 11.Bh6 b5 12.a3 b4
13.Bxg7 bxc3 14.Qh6 Re8 15.b3 Qc7 16.Nxd7 Qxd7 17.Rd3 Ng4 18.Bxg4
Qxg4 19.Rh3 Qe4+ 20.Kd1 g5 21.Qxg5 Qg6 22.Qh4 Qe4 23.Qg3 Rac8
24.Rh4 Qxh4 25.Qxh4 Kxg7 26.Re1 e6 27.Re3 Ne7 28.Rh3 Ng6 29.Qxh7+
{1-0, Smreszanyi Lorenz - Eisenbeiser Karlhe (GER) 2067, Zell (Germany) 1977}
) Nc6 10.Ne5 Qb6 11.Nxc6 Qxc6 12.O-O Bf5 13.Bd3 Ne4 14.Bxe4 dxe4
15.Be5 f6 16.Bf4 Rfd8 17.d5 Qd7 18.Qe3 g5 19.Bg3 h6 20.Rfd1 Bg4
21.f3 exf3 22.gxf3 Bh5 23.Kg2 Bf7 24.Rd2 f5 25.Be5 Rac8 26.Bxg7
Kxg7 27.Qe5+ Kh7 28.Re1 Re8 29.Red1 Rc5 30.Qe3 Rec8 31.h4 f4
32.Qd4 Qf5 33.Qe4 Qxe4 34.fxe4 Bh5 35.Re1 g4 36.e5 Be8 37.Kg1
Bg6 38.d6 Rd8 39.d7 Bf5 40.Rd5 Rxd5 41.Nxd5 Rxd7 42.Nxf4 Bxc2
43.Kf2 Bxa4 44.Kg3 Bd1 45.e6 Rd2 46.Re5 Rxb2 47.Rf5 Rb3+ 48.Kf2
Kg8 49.Rf7 Rf3+ 50.Kg2 Bb3 51.Rxe7 Rxf4 52.Re8+ Kg7 53.Re7+ Kg6
54.Rxb7 Bd5+ 0-1

[Event "Washington Open Championship"]
[Site "Seattle, WA"]
[Date "2013.05.25"]
[Round "1"]
[White "Roland Jeffrey  (ID)"]
[Black "Sun Maxwell  (OR)"]
[Result "1/2-1/2"]
[WhiteElo "1718"]
[BlackElo "1832"]
[Annotator ""]
[Source ""]
[Remark "Premier"]

1.d4 f5 2.g3 e6 3.Bg2 Nf6 4.c4 Be7 5.Nc3 O-O 6.Nf3 d6 7.O-O Qe8
8.Re1 Ne4 9.Nxe4 fxe4 10.Nd2 d5 11.e3 Bb4 ( 11...b6 12.b3 b5
13.Bb2 Ba6 14.c5 Nc6 15.Bf1 Rb8 16.a3 Bc8 17.Bh3 Qg6 18.Qg4 Qf6
19.Re2 e5 20.dxe5 Nxe5 21.Qf5 Bxf5 {0-1, Farina M - Corson B, Netherlands 1997}
) 12.a3 Bxd2 13.Bxd2 Qg6 14.Qc2 Nc6 15.b4 Nd8 16.Rf1 Qh5 17.Bc3
c6 18.Qd1 Qh6 19.Qe2 Bd7 20.f3 exf3 21.Rxf3 Rxf3 22.Qxf3 Nf7
23.Rf1 Qf6 24.Qg4 ( 24.Qxf6 gxf6 25.Rxf6 $16 ) Qg5 {?!} 25.Qxg5
Nxg5 26.c5 Re8 27.h4 Nf7 28.e4 Nh6 29.Bd2 Ng4 30.Bf3 e5 31.exd5
exd4 32.dxc6 ( 32.d6 ) bxc6 33.Bxg4 Bxg4 34.Rf4 Re2 35.Rxd4 Bh3
36.Bf4 Ra2 37.Rd6 Rg2+ 38.Kh1 Ra2 1/2-1/2

[Event "Washington Open Championship"]
[Site "Seattle, WA"]
[Date "2013.05.25"]
[Round "2"]
[White "Roland Jeffrey  (ID)"]
[Black "Becker Brett  (CA)"]
[Result "0-1"]
[WhiteElo "1718"]
[BlackElo "1829"]
[Annotator ""]
[Source ""]
[Remark "Premier"]

1.e4 e6 2.d4 d5 3.Nd2 a6 4.Ngf3 c5 5.exd5 exd5 6.c3 Nc6 7.Be2
Nf6 8.O-O Bd6 9.dxc5 Bxc5 10.Nb3 Bb6 11.Bg5 ( 11.c4 dxc4 12.Qxd8+
Nxd8 13.Bxc4 Be6 14.Bxe6 Nxe6 15.Ng5 O-O 16.Nxe6 fxe6 17.Be3
Bxe3 18.fxe3 Rac8 19.Rac1 b6 20.Nd4 Kf7 21.Nc6 a5 22.Rfd1 Rfe8
23.h3 Kf8 24.Na7 Rxc1 25.Rxc1 Nd5 26.Rc6 Nxe3 27.Rxb6 Nc4 28.Rb5
Ra8 29.Nc6 a4 30.Kf2 Rc8 31.Nd4 Kf7 32.Rb4 Kf6 33.Rxa4 Nxb2 34.Ra6
Nd3+ 35.Ke3 Nc5 36.Rc6 Rxc6 37.Nxc6 e5 38.Nb4 Ke6 39.Nd3 Na4
40.Nb4 Nc5 41.Nd3 Na4 42.Nb4 {1/2-1/2, Blauert Joerg (GER) 2350 - Jakobsen Ole (DEN) 2376, Budapest (Hungary) 2003}
) Qd6 12.Re1 Ne4 13.Nbd4 Nxg5 14.Nxg5 O-O 15.Bd3 g6 16.Nxc6 bxc6
17.Qe2 Bc7 18.g3 h6 19.Nf3 Bg4 20.Kg2 a5 21.Qe7 Bxf3+ 22.Kxf3
Rab8 23.b3 Qd8 24.Qxd8 Bxd8 25.Rad1 Bf6 26.c4 d4 27.Be4 c5 28.Bc6
Rfd8 29.Rd3 Kf8 30.Ba4 Rb7 31.Kg2 Re7 32.Rxe7 Kxe7 33.f4 Rd6
34.Kf2 Re6 35.Rd2 Kd6 36.Re2 g5 37.Kf3 gxf4 38.gxf4 Rxe2 39.Kxe2
Ke6 40.Be8 Bd8 41.f5+ Kf6 42.Bd7 Kg5 43.Be8 f6 44.Bd7 Bc7 45.h3
Kh4 46.Bc6 Kxh3 47.Kf3 h5 48.Be4 Kh4 49.Bd3 Kg5 50.Ke4 h4 51.Kd5
h3 52.Kxc5 h2 0-1

[Event "Washington Open Championship"]
[Site "Seattle, WA"]
[Date "2013.05.26"]
[Round "4"]
[White "Roland Jeffrey  (ID)"]
[Black "Davis Frederick  (WA)"]
[Result "0-1"]
[WhiteElo "1718"]
[BlackElo "1776"]
[Annotator ""]
[Source ""]
[Remark "Premier"]

1.e4 c5 2.Nc3 e6 3.Nf3 Nc6 4.d4 cxd4 5.Nxd4 a6 6.Be2 d6 7.O-O
Nf6 8.Kh1 Be7 9.f4 O-O 10.Be3 Qc7 11.Bf3 Rb8 12.Qd2 Nxd4 13.Bxd4
Nd7 14.Ne2 b5 15.Qc3 Qxc3 16.Nxc3 Bb7 17.e5 Bxf3 18.Rxf3 dxe5
19.fxe5 Rbc8 20.Rf2 Bc5 0-1

[Event "Washington Open Championship"]
[Site "Seattle, WA"]
[Date "2013.05.27"]
[Round "5"]
[White "Gulamali Faris  (WA)"]
[Black "Roland Jeffrey  (ID)"]
[Result "1/2-1/2"]
[WhiteElo "1753"]
[BlackElo "1718"]
[Annotator ""]
[Source ""]
[Remark "Premier"]

1.d4 Nf6 2.c4 g6 3.Nf3 Bg7 4.g3 d5 5.Bg2 O-O 6.O-O dxc4 7.Ne5
c6 8.Nxc4 Nbd7 9.Nc3 Re8 10.a4 Nb6 11.Ne5 Be6 12.e3 Qc7 13.Qc2
Nbd5 14.Bd2 Nb4 15.Nb5 Nxc2 16.Nxc7 Nxa1 17.Rxa1 Bf5 18.Nxa8
Rxa8 19.Rc1 Ne4 20.Bb4 Nd6 21.Nc4 Rd8 22.Bc5 Bd3 23.Nxd6 exd6
24.Ba3 d5 25.Rc3 Bf5 26.Bc5 1/2-1/2

[Event "Washington Open Championship"]
[Site "Seattle, WA"]
[Date "2013.05.27"]
[Round "6"]
[White "Wang James  (WA)"]
[Black "Roland Jeffrey  (ID)"]
[Result "1-0"]
[WhiteElo "1731"]
[BlackElo "1718"]
[Annotator ""]
[Source ""]
[Remark "Premier"]

1.e4 e6 2.d4 d5 3.Nc3 dxe4 4.Nxe4 Nd7 5.Nf3 Ngf6 6.Bd3 Nxe4 7.Bxe4
Nf6 8.Bd3 c5 9.Bf4 cxd4 10.Nxd4 Qa5+ 11.c3 Bd7 12.O-O Be7 13.Re1
O-O 14.Qf3 Qd5 15.Qg3 Nh5 16.Qh3 g6 17.Bh6 e5 18.Qf3 Qxf3 19.Nxf3
Rfe8 20.Nxe5 Be6 21.Bb5 Red8 22.Bc4 Ng7 23.Bxg7 Kxg7 24.Bxe6
fxe6 25.Rad1 Bf6 26.Nd7 Rac8 27.Rxe6 Rc6 28.Rxc6 bxc6 29.Kf1 1-0

[Event "Washington Open Championship"]
[Site "Seattle, WA"]
[Date "2013.05.26"]
[Round "3"]
[White "Anthony Ralph  (WA)"]
[Black "Dixon James  (WA)"]
[Result "1-0"]
[WhiteElo "1617"]
[BlackElo "1306"]
[Annotator ""]
[Source ""]
[Remark "Reserve"]

1.e4 d5 2.exd5 Nf6 3.d4 Bg4 4.Nf3 Bxf3 5.Qxf3 Qxd5 6.Qxd5 Nxd5
7.Bc4 c6 8.Nd2 Nb4 9.Bb3 e6 10.O-O Nd7 11.Re1 h6 12.Nf3 g5 13.Bd2
O-O-O 14.Bxg5 hxg5 15.Nxg5 Rh5 16.Nxf7 Re8 17.f4 Rf5 18.Rxe6
Rxe6 19.Bxe6 Rf6 ( 19...Rxf4 ) 20.f5 Kc7 21.c3 Nc2 22.Rf1 Ne3
23.Rf3 Ng4 {?} 24.h3 Nh6 25.Bxd7 ( 25.Ne5 Nxe5 26.dxe5 Bc5+ 27.Kh2
Rf8 28.g4 {+-} ) Kxd7 26.Ne5+ Kc7 27.g4 Ng8 28.g5 Rd6 29.f6 c5
30.Rf4 cxd4 31.cxd4 Re6 32.Kf2 Kd6 33.h4 Kd5 34.Nd7 Bd6 35.f7 1-0

[Event "Washington Open Championship"]
[Site "Seattle, WA"]
[Date "2013.05.26"]
[Round "3"]
[White "Campbell Tim  (WA)"]
[Black "Egbert Michael  (WA)"]
[Result "1-0"]
[WhiteElo "1745"]
[BlackElo "1883"]
[Annotator ""]
[Source ""]
[Remark "Open"]

1.e4 e6 2.d4 d5 3.exd5 exd5 4.c4 Nf6 5.Nf3 Be6 6.Qb3 Qc8 7.Nc3
( 7.Nc3 c6 8.Ng5 Bd6 9.cxd5 cxd5 10.Nb5 Bc7 11.Nxc7+ Qxc7 12.Nxe6
fxe6 13.Be2 O-O 14.O-O Nc6 15.Be3 Rac8 16.Rac1 Qe7 17.Rfe1 Rc7
18.Bf3 Rfc8 19.Rc3 Qb4 20.Qc2 Kf7 21.h3 Qa5 22.a3 Ne7 23.Bd2
Qb6 24.Rc1 Rc4 25.b3 Rxc3 26.Bxc3 Nf5 27.Qb2 Nxd4 28.Bxd4 Rxc1+
29.Qxc1 Qxd4 30.Qc7+ Kg6 31.Qxb7 Qa1+ 32.Kh2 Qxa3 33.Qb8 Qe7
34.Qe5 Kf7 35.g3 Qc5 36.Kg2 Qb4 37.Qc7+ {1/2-1/2, Rodriguez Garcia Manuel (ESP) 2198 - Garrido Perez Jose Manuel, Extremadura (Spain) 2006.03.18}
) c6 8.Bf4 Be7 9.Bxb8 Rxb8 10.cxd5 Nxd5 11.Bc4 Nf4 12.Bxe6 Qxe6+
13.Qxe6 fxe6 14.g3 Nd3+ 15.Kd2 O-O {?!} ( 15...Nxb2 ) 16.Ke2
Bd6 17.Ne4 Be7 18.Ne5 Nxe5 19.dxe5 Rbd8 20.Rhd1 Rd5 21.f4 Rfd8
22.Nc3 Rxd1 23.Rxd1 Rxd1 24.Kxd1 Kf7 25.Ne4 Kg6 26.Ke2 Kf5 27.Kf3
g5 28.Nd6+ Kg6 29.Nxb7 gxf4 30.gxf4 Kf5 31.Na5 1-0

[Event "Washington Open Championship"]
[Site "Seattle, WA"]
[Date "2013.05.26"]
[Round "3"]
[White "Pechisker Alfred  (CAN)"]
[Black "Bartron Paul  (WA)"]
[Result "1-0"]
[WhiteElo "2175"]
[BlackElo "2138"]
[Annotator ""]
[Source ""]
[Remark "Open"]

1.d4 Nf6 2.c4 e5 3.dxe5 Ng4 4.Nf3 Bc5 5.e3 Nc6 6.a3 a5 7.Be2
Ngxe5 8.Nxe5 Nxe5 9.O-O d6 10.Nc3 O-O 11.Nd5 Ng6 12.Bd2 c6 13.Nc3
f5 14.Kh1 Bb6 15.Qb3 Kh8 16.Rad1 Bc7 17.Bc1 Qe7 18.Qc2 Be6 19.b3
Rae8 20.f4 Bc8 21.Rf3 Rf6 22.Bd3 Nf8 23.Rh3 Ne6 24.b4 axb4 25.axb4
Nd8 26.Qf2 Nf7 27.g4 Rh6 28.Rxh6 Nxh6 29.g5 Nf7 30.Re1 Bb6 31.Qf3
d5 32.c5 Bc7 33.Bb2 b6 34.Na4 bxc5 35.bxc5 Ba5 36.Re2 Kg8 37.Qg3
Nd8 38.h4 Bb4 39.Be5 Nb7 40.h5 Nxc5 41.Nxc5 Bxc5 42.h6 g6 43.Qe1
Bd6 44.Bb2 Bb4 45.Qd1 c5 46.Bf6 Qb7 47.Kg1 Be6 48.Qa1 c4 49.Bc2
c3 {?} 50.Bxc3 Bxc3 51.Qxc3 Rc8 52.Qf6 Rxc2 53.Qxe6+ Kf8 54.Qf6+
Kg8 55.Rxc2 Qb1+ 56.Kf2 Qxc2+ 57.Kg3 Qc7 58.Qe6+ Kf8 59.Qxd5
Qc1 60.Qd8+ Kf7 61.Qf6+ Ke8 62.Qh8+ Kd7 63.Qxh7+ Kc8 64.Qg8+
Kb7 65.Qd5+ Kc7 66.Kf2 Qc2+ 67.Ke1 Qh2 68.Kd1 Qg1+ 69.Kc2 Qf2+
70.Qd2 Qh4 71.Kd3 Kd6 72.Qb4+ Kc6 73.Qc4+ Kb6 74.Qe6+ Kc7 75.Qxg6
Qe1 76.Qg7+ Kc6 77.Qc3+ 1-0

[Event "Washington Open Championship"]
[Site "Seattle, WA"]
[Date "2013.05.26"]
[Round "3"]
[White "Robeal Rafik  (WA)"]
[Black "Arganian David (WA)"]
[Result "0-1"]
[WhiteElo "1572"]
[BlackElo "2000"]
[Annotator ""]
[Source ""]
[Remark "Open"]

1.e4 c5 2.Nf3 d6 3.Bb5+ Nd7 4.O-O a6 5.Be2 Ngf6 6.d3 g6 7.a4
Bg7 8.Nbd2 Rb8 ( 8...O-O 9.c3 Qc7 10.Re1 Ng4 11.Nf1 Nge5 12.Nxe5
Nxe5 13.Ne3 e6 14.f4 Nd7 15.Bf3 Rb8 16.Qe2 b6 17.Bd2 Bb7 18.Rac1
Nf6 19.g4 Bc6 {1/2-1/2, Federer Hans-Joachim (GER) 2022 - Ring Gregor (GER) 2016, Bad Woerishofen (Germany) 2001}
) 9.Re1 b5 10.a5 O-O 11.Bf1 Ne8 12.c3 b4 13.cxb4 Rxb4 14.Nc4
Nb8 15.Qc2 Nc6 16.Bd2 Rb5 17.d4 Nxd4 18.Nxd4 Bxd4 19.Bc3 Bxc3
20.Qxc3 Rb4 21.f4 Bb7 22.Rad1 Qc7 23.h4 Ng7 24.Re3 Bc6 25.Qe1
Rd8 26.Qf2 Bxe4 27.Rxe4 d5 28.Ree1 dxc4 29.Rxd8+ Qxd8 30.Qxc5
Rxb2 31.Rc1 Ne6 32.Qxc4 Qd2 33.Qc8+ Kg7 34.Qc3+ Qxc3 35.Rxc3
Ra2 36.g3 Rxa5 37.Rc6 Ra3 38.Kf2 a5 39.Ra6 Nc5 40.Ra7 Ne4+ 41.Kg2
Nxg3 0-1

[Event "Washington Open Championship"]
[Site "Seattle, WA"]
[Date "2013.05.26"]
[Round "3"]
[White "Pothukuchi Revanth  (WA)"]
[Black "Verdiyan Artem  (WA)"]
[Result "1-0"]
[WhiteElo "1097"]
[BlackElo "1107"]
[Annotator ""]
[Source ""]
[Remark "Booster"]

1.e4 c6 2.d4 d5 3.exd5 cxd5 4.Bd3 Nf6 5.c3 Nc6 6.Nf3 e6 7.O-O
h6 8.Re1 Bd6 9.Nbd2 O-O 10.Ne5 Ne7 11.Qf3 Nd7 12.Nxd7 Bxd7 13.Qg4
e5 14.Qg3 Nf5 15.Bxf5 Bxf5 16.dxe5 Be7 17.Nf3 Bg6 18.e6 Kh7 19.exf7
Rxf7 20.Ne5 Rf6 21.Nxg6 Rxg6 22.Qe5 Bd6 23.Qf5 Qh4 24.h3 Rf8
25.Qc2 $17 Qxh3 {??} 26.Qxg6+ 1-0

[Event "Washington Open Championship"]
[Site "Seattle, WA"]
[Date "2013.05.26"]
[Round "3"]
[White "Dixon Max  (WA)"]
[Black "Kelly Mack  (WA)"]
[Result "0-1"]
[WhiteElo "1265"]
[BlackElo "1546"]
[Annotator ""]
[Source ""]
[Remark "Reserve"]

1.e4 e5 2.Nf3 Nf6 3.Nc3 Nc6 4.d4 Bb4 5.d5 Ne7 6.Bd3 d6 7.h3 Ng6
8.a3 Ba5 9.b4 Bb6 10.Be3 Bd7 11.Qe2 c6 12.Bc4 Bxe3 13.Qxe3 Nf4
14.g3 {??} ( 14.O-O {%02$15/$17} ) Ng2+ 15.Kf1 Nxe3+ 16.fxe3
cxd5 17.exd5 Qc8 18.Nd2 a6 19.Ne2 Bb5 20.Bxb5+ axb5 21.Rc1 Nxd5
22.e4 Ne3+ 23.Kf2 Nxc2 0-1

[Event "Washington Open Championship"]
[Site "Seattle, WA"]
[Date "2013.05.26"]
[Round "3"]
[White "Tan Alan  (WA)"]
[Black "Tu Robin  (WA)"]
[Result "1-0"]
[WhiteElo "1489"]
[BlackElo "1407"]
[Annotator ""]
[Source ""]
[Remark "Reserve"]

1.c4 Nf6 2.Nc3 g6 3.g3 Bg7 4.Bg2 O-O 5.Nf3 c5 6.O-O d6 7.Rb1
Nc6 8.a3 Bf5 9.d3 Qd7 10.Ne1 Bh3 11.Nc2 Bxg2 12.Kxg2 d5 13.cxd5
Nxd5 14.Bd2 f5 15.Nxd5 Qxd5+ 16.Kg1 e5 17.b4 f4 18.bxc5 Qxc5
19.Rxb7 fxg3 20.hxg3 Qd5 21.Nb4 Nxb4 22.Rxb4 Rf7 23.Qb3 Qd7 24.Rb1
Qf5 25.Rb8+ Rxb8 26.Qxb8+ Rf8 27.Qxa7 e4 28.dxe4 Qxe4 29.Rb8
Qxe2 30.Rxf8+ Bxf8 31.Qe3 Qd1+ 32.Kg2 Qa1 33.Qe6+ Kh8 34.Qc4
Qxa3 35.Bc3+ 1-0

[Event "Washington Open Championship"]
[Site "Seattle, WA"]
[Date "2013.05.26"]
[Round "3"]
[White "Zhang Eric  (WA)"]
[Black "Richards Jerrold  (WA)"]
[Result "1-0"]
[WhiteElo "1439"]
[BlackElo "1348"]
[Annotator ""]
[Source ""]
[Remark "Reserve"]

1.d4 d5 2.c4 Nf6 3.cxd5 Nxd5 4.e4 Nf6 5.Nc3 c6 6.Bc4 e6 7.Nf3
Nbd7 8.O-O Be7 9.Bg5 O-O 10.e5 Nd5 11.Bxe7 Nxe7 12.Ne4 Nb6 13.Bb3
Nf5 14.Rc1 Nd5 15.Qd2 f6 16.exf6 Nxf6 17.Nc3 Nd5 18.Rfe1 Qd6
19.Ng5 Rf6 20.Nce4 Qf4 21.Nxf6+ gxf6 22.Qxf4 Nxf4 23.Nxe6 Nxe6
24.Bxe6+ Bxe6 25.Rxe6 Nxd4 26.Re4 Rd8 27.Rce1 Rd7 28.Re7 Rd6
29.Rxb7 Ne2+ 30.Kf1 Re6 31.Rxe2 Rxe2 32.Kxe2 1-0

[Event "Washington Open Championship"]
[Site "Seattle, WA"]
[Date "2013.05.26"]
[Round "3"]
[White "Tiglon Bryce  (WA)"]
[Black "Truong Kenneth  (WA)"]
[Result "1-0"]
[WhiteElo "2113"]
[BlackElo "1815"]
[Annotator ""]
[Source ""]
[Remark "Open"]

1.e4 d5 2.exd5 Qxd5 3.Nc3 Qd6 4.Bc4 Nf6 5.d3 a6 6.a4 Nc6 7.Nge2
e5 8.O-O ( 8.O-O Be7 9.h3 Be6 10.Bxe6 Qxe6 11.f4 O-O-O 12.Ng3
exf4 13.Bxf4 Nd5 14.Nxd5 Qxd5 15.Be3 g6 16.Qd2 f5 17.Ne2 Rhe8
18.Nf4 Qd7 19.Rad1 g5 20.Ne2 f4 21.Bf2 f3 22.Ng3 fxg2 23.Kxg2
g4 24.Qh6 Kb8 25.d4 Qd5+ 26.Kh2 Bg5 27.Qh5 gxh3 28.Kxh3 Re6 29.c4
Qd7 30.Qxg5 Rh6+ 31.Kg2 Qh3+ 32.Kf3 Rf8+ 33.Ke2 Rg6 34.Qc5 Re8+
35.Kd2 Rxg3 36.Bxg3 Qxg3 37.Rf8 Qe3+ 38.Kc2 Qe4+ 39.Kc1 Rxf8
40.Qxf8+ Ka7 41.Qa3 a5 42.Qd3 Qf4+ 43.Qd2 Nxd4 44.Qxf4 Ne2+ 45.Kc2
Nxf4 46.Rd7 Kb8 47.Rd8+ Ka7 48.Re8 b6 49.Re4 Ng6 50.Kd3 Kb7 51.c5
bxc5 52.Kc4 Kb6 53.Kd5 Nf8 54.Re7 Ng6 55.Re6+ Kb7 56.Kxc5 Nf8
57.Re7 Ng6 58.Rxh7 Nf4 59.Kb5 Nd3 60.b3 {1-0, Costagliola Marina (FRA) 2214 - Dubois Martine (FRA) 2022, Val d'Isere (France) 2002}
) Be7 9.h3 O-O 10.Ng3 Be6 11.Bxe6 Qxe6 12.f4 Bc5+ 13.Kh1 Rad8
14.fxe5 Nxe5 15.Bg5 Nfg4 16.hxg4 Nxg4 17.Nce4 Bd4 18.Qf3 f6 19.Bf4
f5 20.Ng5 Qh6+ 21.Nh3 Qb6 22.Rab1 Qc5 23.Qxb7 c6 24.Qb3+ Kh8
25.Rbe1 Nf2+ 26.Nxf2 Bxf2 27.Re2 Bd4 28.Qc4 Qa7 29.Rfe1 g5 30.Be5+
Bxe5 31.Rxe5 Rd4 32.Qc5 Rh4+ 33.Kg1 Qg7 34.Qxf8+ {%02  (Nice enough move, but 34. Nxf5 is better.)}
 1-0

[Event "Washington Open Championship"]
[Site "Seattle, WA"]
[Date "2013.05.26"]
[Round "3"]
[White "McCorkle Wade  (WA)"]
[Black "Clay Dorian  (WA)"]
[Result "1-0"]
[WhiteElo "1288"]
[BlackElo "999"]
[Annotator ""]
[Source ""]
[Remark "Booster"]

1.c4 e5 2.g3 Nf6 3.Bg2 Nc6 4.Nc3 Bc5 5.a3 a6 6.e3 d6 7.Nge2 Be6
8.Nd5 Ne7 9.Nxf6+ gxf6 10.d3 c6 11.b4 Ba7 12.Bd2 Qd7 13.O-O Rg8
14.Qc2 Bh3 15.d4 h5 16.c5 Bxg2 17.Kxg2 h4 18.f3 hxg3 19.hxg3
Nf5 20.Rh1 d5 21.Kf2 Bb8 22.Rag1 {=} e4 {?} 23.fxe4 Nxg3 {?}
24.Nxg3 Bxg3+ 25.Rxg3 Rxg3 26.Kxg3 Ke7 27.Kf3 Rg8 28.Rh4 Qc7
29.Be1 Qc8 30.exd5 cxd5 31.e4 Qe6 32.Bf2 f5 33.exf5 Qf6 34.Qe2+
Kd7 35.Qe5 Qxe5 36.dxe5 Re8 37.Bd4 Re7 38.Rh7 f6 39.Rxe7+
( 39.e6+ ) Kxe7 40.exf6+ Kf7 41.Kf4 Ke8 42.Kg5 Kf7 43.Bc3 Kg8
44.Kg6 Kf8 45.f7 Ke7 46.Kg7 1-0

[Event "Washington Open Championship"]
[Site "Seattle, WA"]
[Date "2013.05.26"]
[Round "3"]
[White "Tafalla Gabriel  (WA)"]
[Black "Bashkansky Naomi (WA)"]
[Result "1-0"]
[WhiteElo "1689"]
[BlackElo "1580"]
[Annotator ""]
[Source ""]
[Remark "Premier"]

1.e4 e5 2.Nf3 Nc6 3.d4 exd4 4.Nxd4 Bc5 5.Nf3 Bb6 6.Nc3 d6 7.Be2
Be6 8.O-O Nf6 9.Bg5 h6 10.Bh4 g5 11.Bg3 Qd7 12.a4 a5 13.Bb5 Rg8
14.Nd5 Nxe4 15.Re1 Nxg3 16.Nf6+ 1-0

[Event "Washington Open Championship"]
[Site "Seattle, WA"]
[Date "2013.05.26"]
[Round "3"]
[White "Roberge David  (WA)"]
[Black "Huston Grant  (WA)"]
[Result "1-0"]
[WhiteElo "628"]
[BlackElo "231"]
[Annotator ""]
[Source ""]
[Remark "Novice"]

1.e4 d6 2.d4 Nc6 3.Nf3 e5 4.Bc4 Nf6 5.Nc3 Nd7 6.O-O f6 7.Be3
d5 8.Nxd5 exd4 9.Nxd4 Nxd4 10.Bxd4 c6 11.Nc3 Ne5 12.Be2 Bb4 13.a3
Bxc3 14.Bxc3 Qxd1 15.Raxd1 Nf7 16.Bc4 Nd8 17.Ba5 b6 18.Bd2 b5
19.Ba2 Bg4 20.Rde1 f5 21.exf5+ Kf8 22.Re5 Bh5 23.Rfe1 Nf7 24.Re7
{?} ( 24.Bb4+ c5 25.Bxc5+ Kg8 26.Re8+ Rxe8 27.Rxe8# ) Rd8 25.Bb4
c5 26.Bxc5 a5 27.Ra7+ {?} ( 27.Re8# ) Kg8 28.Ree7 {??} h6 {??}
( 28...Rd1+ 29.Re1 Rxe1# ) 29.h3 Rc8 30.g4 Rxc5 31.gxh5 Kh7 32.Bxf7
Rxc2 33.Bg6+ Kg8 34.Ra8+ ( 34.Re8# ) Rc8 35.Rxc8# 1-0